Od dneška k zajtrajšku Imaginárne interview s národným umelcom Alexandrom Matuškom

Bibliographic Details
Main Author: Jurík, Ľuboš, 1947-2021 (Author)
Format: Article
Language:Slovak
Subjects:

MARC

LEADER 00000nab a2200000 a 4500
001 vtls000057351
003 SK-MaSNL
005 20260304195851.0
008 111103c1980 xo 0 slo
015 |a SNBRB19rr/mm-uuuuu 
035 |a CL0067448 
040 |a SNKBUCL  |b slo  |c SNKBUCL  |e AACR2 
041 0 |a slo 
044 |a xo  |c SK 
080 |a 82:929:885.4  |2 1981 
080 |a 885.4  |2 1981 
080 |a 92 Matuška, Alexander  |2 1981 
100 1 |a Jurík, Ľuboš,  |d 1947-2021  |4 aut  |9 98669 
245 1 0 |a Od dneška k zajtrajšku  |b Imaginárne interview s národným umelcom Alexandrom Matuškom  |c Ľuboš Jurík 
300 |b Fot. 1. 
600 1 7 |a Matuška, Alexander,  |d 1910-1975  |2 snkbucl  |9 257897 
655 7 |a články z novín a časopisov  |2 snkbucl  |9 267496 
655 7 |a články z odboru literárna veda a krásna literatúra  |2 snkbucl  |9 770045 
773 0 |t Nové slovo  |g Roč. 22, č. 8 (1980), s. 13 
850 |a Slovenská národná knižnica v Martine  |a MTA001 
852 |a SNK  |b KIS3GCP 
958 |a RK 
958 |a LX 
992 |a RBX 
999 |c 3083317  |d 3085247